000 00303nam a22001217a 4500
008 171023b xxu||||| |||| 00| 0 eng d
041 _aeng
080 _a311
100 _a55
101 _aSTA
245 _aSTUDY FUNDAMENTALS STATISTICS FOR THE BEHAVIORAL SCIENCES
_cJAMES.B.O
942 _2udc
_cBK
999 _c35606
_d35606